Guts tour destinations (Olivia Rodrigo) - Statistics

General Stats
  • This quiz has been taken 7 times
  • The average score is 12 of 62
Answer Stats
Hint Answer % Correct
European leg London
83%
North American leg part 1 New York City
83%
North American leg part 2 Los Angeles (Inglewood)
67%
European leg Paris
67%
European leg Dublin
50%
North American leg part 1 Houston
50%
North American leg part 1 Miami
50%
North American leg part 2 San Francisco
50%
North American leg part 2 Vancouver
50%
North American leg part 1 Chicago
33%
North American leg part 1 Dallas
33%
North American leg part 1 Detroit
33%
North American leg part 2 Kansas City
33%
Australian leg Melbourne
33%
North American leg part 1 Orlando
33%
North American leg part 2 Philadelphia
33%
North American leg part 1 Phoenix
33%
North American leg part 2 Seattle
33%
European leg Amsterdam
17%
North American leg part 2 Atlanta
17%
North American leg part 1 Austin
17%
European leg Berlin
17%
North American leg part 1 Boston
17%
North American leg part 2 Denver
17%
European leg Glasgow
17%
European leg Madrid
17%
European leg Manchester (postponed)
17%
Asian leg Manila (Santa Maria)
17%
North American leg part 1 Milwaukee
17%
North American leg part 1 Montreal
17%
North American leg part 1 Nashville
17%
North American leg part 1 New Orleans
17%
North American leg part 1 Palm Prings (Thousand Palms)
17%
Asian leg Seoul
17%
Asian leg Singapore
17%
North American leg part 1 St. Louis
17%
Australian leg Sydney
17%
Asian leg Tokyo
17%
North American leg part 1 Toronto
17%
European leg Antwerp
0%
Asian leg Bangkok (Pak Kret)
0%
European leg Barcelona
0%
European leg Birmingham
0%
European leg Bologna (Casalecchio di Reno)
0%
North American leg part 1 Charlotte
0%
European leg Cologne
0%
North American leg part 1 Colombus
0%
European leg Copenhagen
0%
European leg Frankfurt
0%
European leg Hamburg
0%
Asian leg Hong Kong
0%
North American leg part 2 Lexington
0%
European leg Lisbon
0%
European leg Munich
0%
North American leg part 2 Oklahoma City
0%
North American leg part 1 Omaha
0%
European leg Oslo (Fornebu)
0%
North American leg part 2 Portland
0%
North American leg part 1 Saint Paul
0%
North American leg part 2 Salt Lake City
0%
North American leg part 2 Washington D.C.
0%
European leg Zurich
0%
No matching quizzes found
Score Distribution
Percent of People with Each Score
Percentile by Number Answered
Your Score History
You have not taken this quiz